Представление документа в формате RUSMARC

Поле Инд. ПП Название Значение
Тип записи a
Библиографический уровень a
001 Контрольный номер 1cf91d34e08b41d9890b2df841a3fbbd
005 Дата корректировки 20181120134552.6
100 a Данные общей обработки 20180920 ||| 0rusy0189 ca
101 0_ a Язык текста rus
102 a Страна публикации RU
200 1_ f Первые сведения об ответственности Е.В. Лунгу, Е.С. Брылякова
a Заглавие Конституционные правоотношения и гражданско-правовые отношения: сравнительный анализ
b Общее обозначение материала Текст
210 d Дата издания 2018
461 _0 1 2000
a Государственная власть и местное самоуправление
463 _0 1 2000
a №7
v С. 13-18
1 2101
d 2018
1 001d6dd75c45572427f9df1d35f568be3c9
606 a Основная рубрика Общая теория права
610 0_ a Ключевые слова ПРАВОВЫЕ ОТНОШЕНИЯ
a Ключевые слова МЕЖОТРАСЛЕВЫЕ СВЯЗИ
a Ключевые слова ЮРИДИЧЕСКИЕ ФАКТЫ
a Ключевые слова ГРАЖДАНСКИЕ ПРАВООТНОШЕНИЯ
a Ключевые слова КОНСТИТУЦИОННОЕ ПРАВО
700 _1 a Фамилия Лунгу
b Имя Е.В.
701 _1 a Фамилия Брылякова
b Имя Е.С.
801 _0 a Страна RU
b Организация РГУП
c Дата составления 20180920
g Правила каталогизации PSBO
801 _1 a Страна RU
b Организация РГУП
c Дата составления 20180920
g Правила каталогизации PSBO
901 t Тип документа b
w Контрольный № источника d6dd75c45572427f9df1d35f568be3c9
905 a Дата ввода 20180920